000 00524nam a2200145Ia 4500
008 140724s9999 xx 000 0 und d
050 _aBF 698.4
_b.So677 2013
100 _aSobremonte, Norman Julian L.
245 _aPersonality types and music preferences of selected local band members in Quezon City /
_cNorman Julian L. Sobremonte.
260 _aLas PiƱas, Philippines :
_bSouthville International School and Colleges,
_cc2013.
300 _a57 p. :
_c28 cm.
521 _aPsychology
942 _cTH
999 _c229144
_d229144